00371nam a2200097Ia 4500008004100000100003900041245010500080260002700185650001200212856004900224171212s9999 xx 000 0 und d aGompert, David C.;Binnendijk, Hans cGompert, David C.;Binnendijk, HansaThe Power to CoercebCountering Adversaries Without Going to War bRAND Corporationc2016 aHistory uhttp://jstor.org/stable/10.7249/j.ctt1b67wn2